The practice of social research / (Record no. 233283)

000 -LEADER
fixed length control field 01280cam a22003014a 4500
001 - CONTROL NUMBER
control field 12003391
003 - CONTROL NUMBER IDENTIFIER
control field Nust
005 - DATE AND TIME OF LATEST TRANSACTION
control field 20170306124056.0
008 - FIXED-LENGTH DATA ELEMENTS--GENERAL INFORMATION
fixed length control field 000510s2001 nyua b 001 0 eng
010 ## - LIBRARY OF CONGRESS CONTROL NUMBER
LC control number 00034971
020 ## - INTERNATIONAL STANDARD BOOK NUMBER
International Standard Book Number 0534574742
040 ## - CATALOGING SOURCE
Original cataloging agency DLC
Transcribing agency DLC
Modifying agency DLC
042 ## - AUTHENTICATION CODE
Authentication code pcc
050 00 - LIBRARY OF CONGRESS CALL NUMBER
Classification number H62
Item number .B2 2001
082 00 - DEWEY DECIMAL CLASSIFICATION NUMBER
Classification number 300/.7/2
Edition number 21
100 1# - MAIN ENTRY--PERSONAL NAME
Personal name Babbie, Earl R.
245 14 - TITLE STATEMENT
Title The practice of social research /
Statement of responsibility, etc. Earl Babbie.
250 ## - EDITION STATEMENT
Edition statement 9th ed.
260 ## - PUBLICATION, DISTRIBUTION, ETC.
Place of publication, distribution, etc. Belmont, CA :
Name of publisher, distributor, etc. Wadsworth Thomson Learning,
Date of publication, distribution, etc. c2001.
300 ## - PHYSICAL DESCRIPTION
Extent 1 v. (various pagings) :
Other physical details ill. ;
Dimensions 24 cm.
504 ## - BIBLIOGRAPHY, ETC. NOTE
Bibliography, etc. note Includes bibliographical references (p. B1-B11) and index.
650 #0 - SUBJECT ADDED ENTRY--TOPICAL TERM
Topical term or geographic name entry element Social sciences
General subdivision Research.
650 #0 - SUBJECT ADDED ENTRY--TOPICAL TERM
Topical term or geographic name entry element Social sciences
General subdivision Methodology.
856 42 - ELECTRONIC LOCATION AND ACCESS
Materials specified Contributor biographical information
Uniform Resource Identifier <a href="http://www.loc.gov/catdir/enhancements/fy1515/00034971-b.html">http://www.loc.gov/catdir/enhancements/fy1515/00034971-b.html</a>
856 42 - ELECTRONIC LOCATION AND ACCESS
Materials specified Publisher description
Uniform Resource Identifier <a href="http://www.loc.gov/catdir/enhancements/fy1515/00034971-d.html">http://www.loc.gov/catdir/enhancements/fy1515/00034971-d.html</a>
856 41 - ELECTRONIC LOCATION AND ACCESS
Materials specified Table of contents only
Uniform Resource Identifier <a href="http://www.loc.gov/catdir/enhancements/fy1515/00034971-t.html">http://www.loc.gov/catdir/enhancements/fy1515/00034971-t.html</a>
906 ## - LOCAL DATA ELEMENT F, LDF (RLIN)
a 7
b cbc
c orignew
d 1
e ocip
f 20
g y-gencatlg
942 ## - ADDED ENTRY ELEMENTS (KOHA)
Source of classification or shelving scheme
Koha item type Book
Holdings
Withdrawn status Lost status Source of classification or shelving scheme Damaged status Not for loan Collection code Permanent Location Current Location Shelving location Date acquired Full call number Barcode Date last seen Price effective from Koha item type
          Computer Science Central Library (CL) Central Library (CL) First Floor - Computer Science 03/06/2017 001.42 BAB S3H-N-942 03/06/2017 03/06/2017 Book
          Computer Science Central Library (CL) Central Library (CL) First Floor - Computer Science 03/06/2017 001.42 BAB S3H-N-297 03/06/2017 03/06/2017 Book
          Computer Science Central Library (CL) Central Library (CL) First Floor - Computer Science 03/06/2017 001.42 BAB S3H-N-332 03/06/2017 03/06/2017 Book
© 2023 Central Library, National University of Sciences and Technology. All Rights Reserved.